| 000 | 01021cam a22003377a 4500 | ||
|---|---|---|---|
| 003 | CHAP | ||
| 005 | 20220329140339.0 | ||
| 008 | 971013s1971 r 00010 d | ||
| 010 | _a50763 | ||
| 011 | _a51735 | ||
| 035 | _a55885 | ||
| 040 | _cCHAP | ||
| 082 |
_a632.7 _bV6Y |
||
| 100 | 0 | 0 |
_aVochelle, J. _9120573 |
| 245 | 1 | 4 | _aLos enemigos de los cultivos |
| 260 |
_aBarcelona : _bAedos, _c1971 |
||
| 300 |
_a487 p. _b: ilus. ; láms |
||
| 490 | 0 | _aBiblioteca agrícola Aedos | |
| 590 |
_aBATCH-UPD _b10 _c20130110 _lUCH01 _h0540 |
||
| 590 |
_aBATCH-UPD _b10 _c20130410 _lUCH01 _h0221 |
||
| 590 |
_aBATCH-UPD _b10 _c20130914 _lUCH01 _h0616 |
||
| 590 |
_aCONVERSION _b10 _c20130109 _lUCH01 _h1328 |
||
| 650 | 1 | 4 |
_aArboles frutales _xPlagas. _96683 |
| 650 | 1 | 4 |
_aControl de plagas. _927595 |
| 650 | 1 | 4 |
_aCultivos _xPlagas. _930305 |
| 700 | 0 |
_aFaure, J. _939857 |
|
| 830 | 0 |
_aBiblioteca agrícola Aedos _912228 |
|
| 901 | _aBK | ||
| 942 | _cLIBRO | ||
| 949 |
_a632.7 V6Y _bBC _cLIBRO _d-122360 _eLIBRO _h44882 _i55885 _si _t330.00 |
||
| 999 |
_c50763 _d50763 |
||